[Event "Challenge"]
[Site "http://www.queenalice.com/game.php?id=1528367"]
[Date "2018.5.24"]
[Round "-"]
[White "tewald"]
[Black "juanzv"]
[Result "0-1"]
[WhiteElo "1967"]
[BlackElo "2079"]

1. d4 d5 2. Bf4 c5 3. e3 Nc6 4. c3 e6 5. Na3 a6 6. Nf3 Nf6 7. Bd3 c4 8. Bc2 Be7
9. h4 Qb6 10. Rb1 O-O 11. Ne5 Rd8 12. g4 Bd6 13. h5 Nd7 14. g5 Ncxe5 15. dxe5
Nxe5 16. g6 h6 17. Rg1 fxg6 18. Bxg6 Nxg6 19. Bxd6 Qxd6 20. Rxg6 Rf8 21. Nxc4
Qc7 22. Qd4 dxc4 23. Rd1 b5 24. Rd2 Ra7 25. Qg4 Kh7 26. Qe4 Kg8 27. f3 Qf7 28.
Rdg2 Qxf3 29. Qxf3 Rxf3 30. Ke2 Raf7 31. e4 R3f6 0-1

[Event "Challenge"]
[Site "http://www.queenalice.com/game.php?id=1529694"]
[Date "2018.6.3"]
[Round "-"]
[White "erminius"]
[Black "juanzv"]
[Result "1-0"]
[WhiteElo "2143"]
[BlackElo "2077"]

1. Nf3 c5 2. g3 b5 3. e4 Bb7 4. Qe2 a6 5. Bg2 d6 6. O-O e5 7. c3 Nf6 8. Rd1 Be7
9. d4 cxd4 10. cxd4 Qc7 11. Nc3 Nc6 12. Nd5 Nxd5 13. exd5 Nxd4 14. Nxd4 exd4 15.
Bg5 f6 16. Rac1 Qd7 17. Bh3 Qxh3 18. Rc7 O-O 19. Qxe7 g6 20. Qg7# 1-0

[Event "Challenge"]
[Site "http://www.queenalice.com/game.php?id=1542791"]
[Date "2018.9.18"]
[Round "-"]
[White "Paulobraz"]
[Black "juanzv"]
[Result "1-0"]
[WhiteElo "1937"]
[BlackElo "2082"]

1. e4 e6 2. d4 d5 3. e5 c5 4. c3 Qb6 5. dxc5 Bxc5 6. Nh3 Qc7 7. Bf4 Ne7 8. b4
Bb6 9. Bb5+ Bd7 10. Bxd7+ Nxd7 11. O-O Ng6 12. Re1 Nxf4 13. Nxf4 Nxe5 14. Nh5
O-O 15. Qe2 Ng6 16. Qf3 Qe7 17. Nd2 Rac8 18. Rac1 Qg5 19. Re2 Bc7 20. g4 Nf4 21.
Nxf4 1-0

[Event "Challenge"]
[Site "http://www.queenalice.com/game.php?id=1545803"]
[Date "2018.10.13"]
[Round "-"]
[White "juanzv"]
[Black "pomar"]
[Result "0-1"]
[WhiteElo "2091"]
[BlackElo "2104"]

1. c4 e6 2. g3 d5 3. Bg2 c5 4. Nf3 Nc6 5. O-O Nf6 6. d4 dxc4 7. Qa4 cxd4 8. Nxd4
Qxd4 9. Bxc6+ Ke7 10. Rd1 Qc5 11. Bb5 a6 12. Bxc4 b5 13. b4 Qxc4 0-1

[Event "Challenge"]
[Site "http://www.queenalice.com/game.php?id=1546989"]
[Date "2018.10.24"]
[Round "-"]
[White "favazza2007"]
[Black "juanzv"]
[Result "1-0"]
[WhiteElo "2093"]
[BlackElo "2060"]

1. Nf3 c5 2. g3 Nc6 3. Bg2 g6 4. O-O e5 5. Nc3 Bg7 6. d3 Nge7 7. Bg5 a6 8. Nd5
d6 9. c3 Be6 10. Nf6+ Bxf6 11. Bxf6 Rg8 12. Ng5 h5 13. Nxe6 fxe6 14. Qb3 Qd7 15.
Qa4 Kf7 16. Bg5 Qc7 17. f4 exf4 18. Qxf4+ Nf5 19. e4 1-0

[Event "Challenge"]
[Site "http://www.queenalice.com/game.php?id=1549169"]
[Date "2018.11.13"]
[Round "-"]
[White "juanzv"]
[Black "Donyelko"]
[Result "0-1"]
[WhiteElo "2037"]
[BlackElo "1954"]

1. d4 c5 2. d5 d6 3. e4 f5 4. Nc3 fxe4 5. Nxe4 a6 6. Bg5 h6 7. Bh4 g5 8. Qh5+
Kd7 9. Bxg5 Nf6 10. Nxf6+ exf6 11. Be3 Kc7 12. O-O-O Bd7 13. Bd3 Be8 14. Qe2 Nd7
15. Qd2 Ne5 16. Be2 b5 17. Nf3 a5 18. Ne1 c4 19. f4 Nd7 20. Nf3 Nc5 21. Bxc5
dxc5 22. Rhe1 h5 23. g3 Ra6 24. Kb1 a4 25. a3 Rh7 26. h3 Rd7 27. Nh4 Rad6 28.
Qa5+ Kc8 29. Qxb5 Rb6 30. Qxa4 Rdb7 31. Qxc4 Rxb2+ 32. Ka1 Qa5 33. Qd3 c4 34.
Qxc4+ Bc5 35. Qa6 Qc3 36. Qe6+ Bd7 37. Qg8+ Kc7 38. d6+ Kb6 39. Bc4 Rxc2+ 0-1

[Event "Challenge"]
[Site "http://www.queenalice.com/game.php?id=1553457"]
[Date "2018.12.19"]
[Round "-"]
[White "juanzv"]
[Black "REUSKING"]
[Result "1/2-1/2"]
[WhiteElo "2045"]
[BlackElo "2091"]

1. Nf3 Nf6 2. g3 g6 3. b3 Bg7 4. Bb2 O-O 5. Bg2 d6 6. d4 Nbd7 7. O-O e5 8. dxe5
Ng4 9. Nbd2 Ngxe5 10. Nxe5 Nxe5 11. Qc1 d5 12. Nf3 Nxf3+ 13. Bxf3 Bf5 14. Bxg7
Kxg7 15. Qb2+ f6 16. Rad1 c6 17. e4 Be6 18. Rfe1 Qa5 19. exd5 Bxd5 20. Bxd5 cxd5
21. Re7+ Rf7 22. Re2 Rc8 23. Red2 Qc5 24. Rxd5 Qxc2 25. R5d2 Qxb2 26. Rxb2 Re7
27. Rbd2 Rce8 28. Rd7 Kf7 29. Kf1 Rxd7 30. Rxd7+ Re7 31. Rxe7+ 1/2-1/2

[Event "Challenge"]
[Site "http://www.queenalice.com/game.php?id=1554390"]
[Date "2018.12.27"]
[Round "-"]
[White "tariann"]
[Black "juanzv"]
[Result "1-0"]
[WhiteElo "2208"]
[BlackElo "2047"]

1. e4 c6 2. d4 d5 3. Nc3 dxe4 4. Nxe4 Bf5 5. Ng3 Bg6 6. f4 e6 7. Nf3 Bd6 8. Bd3
Ne7 9. O-O Nd7 10. Ne4 Bc7 11. c4 Bxe4 12. Bxe4 Nf6 13. Qc2 Nxe4 14. Qxe4 Ng6
15. f5 Ne7 16. fxe6 fxe6 17. Qxe6 Qd7 18. Qxd7+ Kxd7 19. Bg5 Rae8 20. Rae1 h6
21. Bxe7 Rxe7 22. Rxe7+ Kxe7 23. Nh4 Rd8 24. Nf5+ Kf6 25. Nxh6+ Kg6 26. Nf5 Rd7
27. g4 Rf7 28. Nh4+ 1-0

[Event "Challenge"]
[Site "http://www.queenalice.com/game.php?id=1559981"]
[Date "2019.2.6"]
[Round "-"]
[White "Paulobraz"]
[Black "juanzv"]
[Result "1/2-1/2"]
[WhiteElo "1953"]
[BlackElo "2018"]

1. g3 g6 2. Bg2 Bg7 3. d4 c5 4. d5 d6 5. Nf3 b5 6. O-O Nf6 7. Nc3 Bb7 8. Ng5 O-O
9. Nxb5 h6 10. Nh3 Na6 11. e4 Nd7 12. c3 Nc7 13. Nxc7 Qxc7 14. Be3 Rab8 15. Qd2
Kh7 16. a3 Ne5 17. b4 Nc4 18. Qc1 Nxe3 19. Qxe3 cxb4 20. axb4 a6 21. Ra3 Bc8 22.
Rc1 h5 23. Ng5+ Kg8 24. Nf3 Kh7 25. Ng5+ Kg8 26. Nh3 Kh7 27. Ng5+ 1/2-1/2

[Event "Challenge"]
[Site "http://www.queenalice.com/game.php?id=1565513"]
[Date "2019.3.25"]
[Round "-"]
[White "juanzv"]
[Black "Tamise"]
[Result "0-1"]
[WhiteElo "2015"]
[BlackElo "2287"]

1. c4 d6 2. e3 g6 3. Nc3 Bg7 4. g3 c5 5. Bg2 Nc6 6. Nge2 Nf6 7. O-O O-O 8. h3
Be6 9. b3 Qd7 10. Kh2 d5 11. Rb1 dxc4 12. bxc4 Bxc4 13. Ba3 b6 14. Re1 Bd3 15.
Rc1 e5 16. e4 Na5 17. Bb2 Nc4 18. Ba1 Rad8 19. Nd5 b5 20. Ndc3 Bxe2 21. Qxe2
Qxd2 22. Nxb5 Qxe2 23. Rxe2 Rd2 24. Rxd2 Nxd2 25. f3 c4 26. Bxe5 a6 27. Nc3 Rd8
28. Rd1 Rd3 29. f4 Nh5 30. Bxg7 Kxg7 31. Nb1 Nxb1 32. Rxb1 Nxg3 33. Rc1 c3 34.
Bf1 Nxf1+ 35. Rxf1 Rd2+ 36. Kg3 c2 37. Rc1 Kh6 38. Kf3 Kh5 39. Kg3 Rd3+ 40. Kg2
Rc3 41. Kh2 Kh4 42. Kg2 Rg3+ 43. Kf2 Rxh3 44. Kg2 Rc3 45. Kf2 Kg4 0-1

[Event "Challenge"]
[Site "http://www.queenalice.com/game.php?id=1574561"]
[Date "2019.6.15"]
[Round "-"]
[White "juanzv"]
[Black "Profnabor"]
[Result "1-0"]
[WhiteElo "2040"]
[BlackElo "2039"]

1. c4 c5 2. Nc3 Nf6 3. Nf3 Nc6 4. e3 d6 5. d4 cxd4 6. exd4 e6 7. Bf4 Be7 8. Bd3
O-O 9. O-O h6 10. Re1 a6 11. a3 Nh7 12. d5 exd5 13. Nxd5 Be6 14. Nxe7+ Qxe7 15.
Bxh7+ Kxh7 16. Bxd6 Qf6 17. Bxf8 Rxf8 18. b3 Bg4 19. Qc2+ Kg8 20. Qe4 Bxf3 21.
Qxf3 Qb2 22. Qd1 Rd8 23. Qb1 Qf6 24. Ra2 g6 25. Rae2 Nd4 26. Re8+ Rxe8 27. Rxe8+
Kg7 28. Re4 Nxb3 29. Re1 Nc5 30. Qa1 Qxa1 31. Rxa1 Kf6 32. Kf1 Nb3 33. Rd1 Nc5
34. Ke2 Ke6 35. Ke3 f5 36. Kd4 b6 37. Re1+ Kd7 38. Re5 Ne6+ 39. Kc3 a5 40. g3
Kd6 41. Re2 g5 42. Rd2+ Kc6 43. Rd5 Ng7 44. Rd8 Ne6 45. Rh8 Nc5 46. Rxh6+ Kc7
47. f3 Nd7 48. f4 gxf4 49. gxf4 Nc5 50. Rh5 Ne4+ 51. Kd4 Nd6 52. c5 Nb5+ 53. Kd5
Nxa3 54. cxb6+ Kxb6 55. Rxf5 a4 56. Rf6+ Kb5 57. Rc6 Kb4 58. f5 Nb5 59. f6 a3
60. f7 a2 61. f8=Q+ Kb3 62. Qf3+ Kb2 63. Qe2+ Ka3 64. Qxb5 1-0

[Event "Challenge"]
[Site "http://www.queenalice.com/game.php?id=1576107"]
[Date "2019.7.2"]
[Round "-"]
[White "sasquatico"]
[Black "juanzv"]
[Result "0-1"]
[WhiteElo "1796"]
[BlackElo "2010"]

1. e4 c5 2. Bc4 e6 3. Nf3 a6 4. d4 cxd4 5. Nxd4 Qc7 6. Bd3 Nf6 7. f3 Bc5 8. Be3
Qb6 9. Nxe6 dxe6 10. Bxc5 Qxc5 11. Qd2 Qb6 12. Qc3 Nc6 13. Na3 Qe3+ 14. Be2
Qxc3+ 15. bxc3 O-O 16. O-O-O b5 17. Rd6 Bb7 18. Rhd1 Rad8 19. Rxd8 Rxd8 20.
Rxd8+ Nxd8 21. c4 b4 22. Nb1 Nc6 23. Nd2 Nd4 24. Bf1 Nd7 25. Kb2 Nc5 26. Nb3
Na4+ 27. Kc1 Nc6 28. g3 Nb6 29. Nc5 Bc8 30. f4 Na5 31. Nd3 Naxc4 32. Nxb4 Nd6
33. e5 Nb5 34. Nc6 Kf8 35. Bxb5 axb5 36. Kb2 Bd7 37. Nd4 Nd5 38. h3 Ke7 39. g4
Nxf4 40. h4 Ng6 41. h5 Nxe5 42. g5 h6 43. gxh6 gxh6 44. Kb3 Nc4 45. Kb4 Ne3 46.
Nxb5 Nxc2+ 47. Kb3 Bxb5 48. Kxc2 Be2 49. Kc3 Bxh5 50. a4 Be2 51. Kb4 h5 52. Kc5
h4 53. a5 h3 0-1

[Event "Challenge"]
[Site "http://www.queenalice.com/game.php?id=1581764"]
[Date "2019.8.28"]
[Round "-"]
[White "ivansm"]
[Black "juanzv"]
[Result "0-1"]
[WhiteElo "2191"]
[BlackElo "2017"]

1. e4 d5 2. exd5 Qxd5 3. Nc3 Qd6 4. Nf3 Nf6 5. h3 a6 6. Bc4 b5 7. Bb3 Bb7 8. d3
e6 9. Be3 Be7 10. a3 O-O 11. O-O Nc6 12. Qd2 Na5 13. Ba2 Bxf3 14. gxf3 c5 15.
Ne2 Nc6 16. Ng3 Nd4 17. Bxd4 Qxd4 18. c3 Qd7 19. Rad1 Rfd8 20. Kg2 Rac8 21. Rfe1
Qc6 22. Qe3 Nd5 23. Bxd5 Rxd5 24. c4 Rdd8 25. Qe4 Qc7 26. Nh5 Rd4 27. Qe2 Rcd8
28. cxb5 axb5 29. Qe5 Qxe5 30. Rxe5 Rxd3 31. Rc1 R3d5 32. f4 g6 33. Ng3 Bf6 34.
Rxd5 Rxd5 35. Rc2 Kg7 36. Ne4 Be7 37. Nc3 Rd4 38. Nxb5 Rxf4 39. b3 Rf5 40. a4
Rd5 41. Rc1 Rd3 42. Rb1 Bd8 43. Na3 Bc7 44. Nc4 Bb8 45. Na5 Rd5 46. Nc6 Bc7 47.
b4 cxb4 48. Rxb4 Rc5 49. Nd4 Bd6 50. Rb6 Rg5+ 51. Kf3 Bc5 52. Rb5 Rd5 53. Ne2
Rf5+ 0-1

[Event "Challenge"]
[Site "http://www.queenalice.com/game.php?id=1589539"]
[Date "2019.11.9"]
[Round "-"]
[White "juanzv"]
[Black "tewald"]
[Result "1-0"]
[WhiteElo "2071"]
[BlackElo "2040"]

1. d4 d5 2. c4 c6 3. Qc2 Nf6 4. Nf3 dxc4 5. Qxc4 e6 6. Bg5 Be7 7. Nbd2 O-O 8. e4
h6 9. Bxf6 Bxf6 10. Be2 b5 11. Qc3 a5 12. e5 b4 13. Qc2 Be7 14. O-O Bb7 15. Rfd1
Nd7 16. Nb3 Ba6 17. Bxa6 Rxa6 18. Nc5 Bxc5 19. dxc5 Qc7 20. Rd6 Qa7 21. Rc1 Rb8
22. Rd4 Kf8 23. h3 Rb5 24. Rc4 a4 25. Nd4 Rb7 26. Qe4 f5 27. Qe3 Kf7 28. Nxf5
Rb8 29. Nd4 Qc7 30. Nf3 g5 31. Qe4 Nf8 32. Rxb4 Rxb4 33. Qxb4 Ng6 34. Qe4 Kg7
35. Qc4 Ra8 36. Qxe6 Rd8 37. Qf6+ Kh7 38. e6 Rf8 39. Qd4 Nf4 40. Qe4+ Kg8 41.
Rd1 Rf6 42. e7 1-0

[Event "Challenge"]
[Site "http://www.queenalice.com/game.php?id=1597635"]
[Date "2020.1.27"]
[Round "-"]
[White "wolfman"]
[Black "juanzv"]
[Result "0-1"]
[WhiteElo "2020"]
[BlackElo "2056"]

1. e4 c6 2. Nc3 d5 3. d4 dxe4 4. Nxe4 Nf6 5. Nxf6+ exf6 6. c4 Bb4+ 7. Bd2 Qe7+
8. Be2 O-O 9. Nf3 Bg4 10. O-O Bxd2 11. Qxd2 Bxf3 12. gxf3 Na6 13. a3 Rfe8 14.
Rae1 Rad8 15. d5 Nc7 16. Bd3 Qd6 17. Qc2 g6 18. Rd1 f5 19. dxc6 Qxc6 20. Kg2 Ne6
21. Rfe1 Nf4+ 22. Kf1 Qxf3 23. Re3 Qh1# 0-1

[Event "Challenge"]
[Site "http://www.queenalice.com/game.php?id=1599946"]
[Date "2020.2.18"]
[Round "-"]
[White "Paulsains"]
[Black "juanzv"]
[Result "1-0"]
[WhiteElo "2084"]
[BlackElo "2076"]

1. e4 e5 2. Nf3 Nf6 3. Nc3 d6 4. h3 Be7 5. Bc4 c6 6. O-O b5 7. Bb3 h6 8. d4 exd4
9. Nxd4 O-O 10. a3 Bd7 11. Re1 Na6 12. e5 dxe5 13. Rxe5 Bd6 14. Re1 Bc7 15. Be3
Bb6 16. Qf3 Qc8 17. Qg3 Bc7 18. Qf3 Ba5 19. Nde2 Bb6 20. Bxb6 axb6 21. Ba2 Nc5
22. Ng3 Na4 23. Nxa4 bxa4 24. Re7 Be6 25. Bxe6 fxe6 26. Qe2 Re8 27. Rxe8+ Qxe8
28. Re1 Kf7 29. Ne4 Nxe4 30. Qxe4 b5 31. c4 bxc4 32. Qxc4 Rb8 33. Re2 Ra8 34.
Re4 Qd7 35. Rd4 Qc7 36. Rf4+ Kg8 37. Qxe6+ Kh7 38. Rf7 Qc8 39. Qe4+ Kh8 40. Qg6
Qg8 41. Rc7 Rb8 42. Qc2 Qh7 43. Rxc6 Qg8 44. Qc3 Kh7 45. Qc2+ Kh8 46. Ra6 Rc8
47. Qb1 Qe8 48. Qd1 Qb5 49. Rxa4 Qxb2 50. Qf3 Qb1+ 51. Kh2 Qb8+ 52. g3 Rf8 53.
Qe3 Qb2 54. Rf4 Rb8 55. Qc5 Re8 56. Rf8+ Rxf8 57. Qxf8+ Kh7 58. a4 Qa2 59. Qf5+
g6 60. Qf4 Kg7 61. Kg2 Qd5+ 62. Qf3 Qa5 63. Qb7+ Kg8 64. Qb5 Qa8+ 65. Kh2 Qf3
66. Qc5 Qb7 67. a5 Qa8 68. Qb6 Kg7 69. a6 Qf8 70. Qb7+ Kg8 71. Kg2 1-0

[Event "Challenge"]
[Site "http://www.queenalice.com/game.php?id=1614706"]
[Date "2020.5.31"]
[Round "-"]
[White "juanzv"]
[Black "ivansm"]
[Result "0-1"]
[WhiteElo "2086"]
[BlackElo "2245"]

1. d4 d5 2. c4 dxc4 3. e3 e5 4. Bxc4 exd4 5. Nf3 Nc6 6. exd4 Bb4+ 7. Nc3 Bg4 8.
O-O Nge7 9. Bxf7+ Kxf7 10. Ng5+ Kg8 11. Qxg4 Qd6 12. Bf4 h5 13. Qe6+ Qxe6 14.
Nxe6 Nf5 15. Nxc7 Rc8 16. Ne6 Nfxd4 17. Nxd4 Nxd4 18. Be3 Bxc3 19. bxc3 Ne2+ 20.
Kh1 b6 21. Rfe1 Nxc3 22. Rac1 Kh7 23. a3 Rhg8 24. Bd2 Nd5 25. Kg1 Rge8 26. Rxc8
Rxc8 27. Kf1 Rd8 28. Bg5 Rd7 29. g3 a5 30. h4 b5 31. Rc1 Nb6 32. Rc5 Rd5 33.
Rxd5 Nxd5 34. Ke2 b4 35. axb4 Nxb4 36. Bd2 Kg6 37. Bc3 Kf7 38. Kd2 g6 39. Ke2
Ke6 40. Kf3 Kf5 41. Bd2 Nc6 42. Be3 Ne5+ 43. Ke2 Ke4 44. Bd2 a4 45. Bb4 Nf3 46.
Be7 Nd4+ 47. Kd2 Kf3 48. Kc3 Ne2+ 49. Kb4 Kxf2 50. Kxa4 Kxg3 51. Kb4 Ng1 52. Kc3
Nf3 53. Kd3 Nxh4 54. Ke4 Nf3 55. Ke3 g5 56. Ke2 g4 57. Kf1 h4 58. Bd6+ Kh3 59.
Kf2 Ng5 60. Bf4 g3+ 61. Ke2 g2 62. Be3 Kh2 0-1

[Event "Challenge"]
[Site "http://www.queenalice.com/game.php?id=1615370"]
[Date "2020.6.6"]
[Round "-"]
[White "Gera"]
[Black "juanzv"]
[Result "1/2-1/2"]
[WhiteElo "1902"]
[BlackElo "2060"]

1. b3 c5 2. Bb2 d5 3. f4 Nc6 4. e3 a6 5. Be2 Nf6 6. Bf3 g6 7. Ne2 Bg7 8. Nbc3
O-O 9. O-O e6 10. Ng3 Rb8 11. f5 exf5 12. Qe1 Re8 13. Qf2 Ne4 14. Ngxe4 dxe4 15.
Be2 Qxd2 16. Rac1 Qd8 17. Rfd1 Qa5 18. Na4 Bxb2 19. Nxb2 Qc7 20. Rd2 Rd8 21.
Rcd1 Be6 22. c4 Rxd2 23. Rxd2 Rd8 24. Bf1 Qa5 25. Rxd8+ Qxd8 26. Qe2 Ne5 27. Qc2
Ng4 28. Qc3 Qf6 29. Qd2 Nxe3 30. Qxe3 Qxb2 31. Qxc5 Qxa2 32. Qb6 Qb1 33. Qxb7
Qa1 34. Qb6 Qc3 35. h3 a5 36. c5 Bxb3 37. c6 Be6 38. c7 Kg7 39. Kh2 Qe5+ 40. Kg1
Qc3 41. Ba6 Qc1+ 42. Kh2 Qf4+ 43. Kh1 Qc1+ 44. Kh2 Qf4+ 45. Kg1 Qc1+ 46. Kh2
Qf4+ 47. Kg1 Qc1+ 1/2-1/2

[Event "Challenge"]
[Site "http://www.queenalice.com/game.php?id=1636070"]
[Date "2020.12.10"]
[Round "-"]
[White "juanzv"]
[Black "rfdc"]
[Result "1-0"]
[WhiteElo "2057"]
[BlackElo "1944"]

1. e4 g6 2. d4 Bg7 3. c4 e6 4. Nc3 Ne7 5. Nf3 d6 6. Be3 Nbc6 7. Be2 b6 8. O-O
O-O 9. Qd2 f5 10. exf5 Nxf5 11. Rfd1 Nxe3 12. Qxe3 Nb4 13. Qd2 Bb7 14. d5 exd5
15. Nxd5 Nxd5 16. cxd5 Qf6 17. Rab1 Bc8 18. Qd4 Qf7 19. Qd2 Qf6 20. Qd4 Bb7 21.
Qc4 Qd8 22. Nd4 a5 23. Ne6 Ba6 24. Qxa6 1-0

[Event "Challenge"]
[Site "http://www.queenalice.com/game.php?id=1644038"]
[Date "2021.2.18"]
[Round "-"]
[White "tewald"]
[Black "juanzv"]
[Result "1-0"]
[WhiteElo "1994"]
[BlackElo "2055"]

1. d4 f5 2. Nf3 g6 3. Bf4 Bg7 4. h4 Nf6 5. e3 d6 6. c4 e6 7. Nc3 a6 8. Bd3 Nc6
9. d5 Ne7 10. dxe6 Bxe6 11. Ng5 Qd7 12. Qc2 O-O-O 13. Nxe6 Qxe6 14. O-O-O Nc6
15. a3 Ne5 16. Bxe5 Qxe5 17. Rhe1 Rhe8 18. Kb1 d5 19. f4 Qd6 20. cxd5 Kb8 21.
Bc4 Ne4 22. Nxe4 Rxe4 23. Rd3 Bf6 24. Rb3 Bxh4 25. Re2 Bf6 26. g4 Rxc4 27. Qxc4
Qxd5 28. Qxd5 Rxd5 29. g5 Bd8 30. Rh2 Rd7 31. Kc2 Kc8 32. Rd3 Re7 33. Rhd2 Re8
34. Rd7 Be7 35. R2d3 Bc5 36. Rxh7 Bxe3 37. Rdd7 Bxf4 38. Rhg7 Bd6 39. Rdf7 b5
40. Rxg6 Re2+ 41. Kb3 Re3+ 42. Ka2 f4 43. Rg8+ Kb7 44. g6 Be5 45. g7 Re2 46.
Rb8+ Kxb8 47. g8=Q+ Kb7 48. Kb1 Rxb2+ 49. Kc1 Rh2 50. Qg1 Ra2 51. Qh1+ Kb6 52.
Qd5 Ra1+ 53. Kc2 Bh8 54. Rf8 Bg7 55. Rb8+ Ka5 56. Qd2+ 1-0

[Event "Challenge"]
[Site "http://www.queenalice.com/game.php?id=1644593"]
[Date "2021.2.22"]
[Round "-"]
[White "juanzv"]
[Black "Jsc"]
[Result "0-1"]
[WhiteElo "2081"]
[BlackElo "1835"]

1. Nf3 d5 2. b3 Bf5 3. Bb2 e6 4. g3 Nf6 5. Bg2 Be7 6. O-O O-O 7. c4 c6 8. d3
Nbd7 9. Nbd2 h6 10. a3 a5 11. Qc2 Re8 12. Bc3 Bf8 13. Rfe1 e5 14. e4 Bg4 15. d4
exd4 16. Bxd4 dxe4 17. Bxf6 Nxf6 18. Nxe4 Bf5 19. Nxf6+ Qxf6 20. Qd2 Red8 21.
Qe3 Ra6 22. Qe5 Rd3 23. Qxf6 gxf6 24. Re3 Rb6 25. Rxd3 Bxd3 26. Nd2 Bc2 27. Rc1
Bxb3 28. Rb1 a4 29. Ne4 Bxa3 30. Nxf6+ Kg7 31. Nd7 Rb4 32. Bf1 Bc2 33. Re1 Rb1
34. Re3 Rb3 35. Re2 Bd3 36. Ra2 b5 37. Bxd3 Rxd3 38. Ne5 Rc3 39. cxb5 cxb5 40.
Kf1 Bd6 41. Nd7 a3 42. Nb6 b4 43. Na4 Rc1+ 44. Ke2 b3 0-1